000 00727nam a2200289Ia 4500
005 20260324113951.0
008 008 260324s9999 xx 000 0 eng d
020 _a9781003243113
037 _aEBOOK
040 _aCRL
040 _beng
040 _cCRL
041 _2eng
041 _aeng
084 _qCRL
100 _aGitte Jakobsen
_91148888
245 0 _aLeading Transformations
245 0 _bUsing the LEGO® Way of Change to Drive Transformations Effectively and Successfully
260 _bTaylor and Francis
260 _c2023
365 _a
365 _b220
856 _uhttp://www.taylorfrancis.com/books/9781003243113
942 _cEBOOK
999 _c1738821
_d1738821